01029cam a2200253 a 450000100100000000500170001000800410002702000150006804000250008308200210010810000430012924501250017226000600029730000250035749000170038250400410039960000370044060000500047765100500052770000350057783000240061295201240063699900150076000000278720240306073909.0030324s2002 cu b 000 0dspa  a9597006707 aDO-SdBNPbspacBNPHU a923.27291bR696d1 aRodríguez, Pedro Pablod1946-?9879310aDe las dos Américas :baproximaciones al pensamiento martiano. /cPedro Pablo Rodríguez; editor, Ela López Ugarte. aLa Habana, Cuba :bCentro de Estudios Martianos,c2002. aix, 275 p. ;c21 cm.1 aAla y raíz aIncluye referencias bibliográficas10aMartí, José,d1853-1895964514aMARTÍ, JOSÉxPENSAMIENTO POLÍTICO98794 4aAmérica LatinaxRelaciones Exteriores940751 aLópez Ugarte, Elaeed.98795 0aAla y raíz.98796 001052708MOaGRbGRcCTd2009-07-14iLF1l0o923.27291 R696dp2787-10r2020-06-25w2020-06-25y2ZPréstamo interno c2621d2621